| 000 | 00601nam a2200205Ia 4500 | ||
|---|---|---|---|
| 005 | 20250508163800.0 | ||
| 008 | 008 250505s9999 xx 000 0 eng d | ||
| 020 | _a0-7619-5799-5 | ||
| 037 | _aReference | ||
| 040 |
_aFEDL _beng _cFEDL |
||
| 041 |
_aeng _2eng |
||
| 084 |
_a616.891 4, PAL _qFEDL |
||
| 100 | _aPalmer Stephen Ed. | ||
| 245 | 0 | _aIntegrative and eclectic counselling and psychotheraphy | |
| 260 |
_aLondon, UK _bSage Publications _c2000 |
||
| 300 | _axvi,352p | ||
| 700 |
_a Woolfe Ray Ed. _9776324 |
||
| 942 |
_cREF _h616.891 4, PAL |
||
| 999 |
_c1385216 _d1385216 |
||